Leyendas del último Rey godo (Record no. 102235)

MARC details
000 -LEADER
campo de control de longitud fija 00824nam a2200217 i 4500
001 - NÚMERO DE CONTROL
campo de control 102235
003 - IDENTIFICADOR DE NÚMERO DE CONTROL
campo de control ES-MaACL
005 - FECHA Y HORA DE LA ÚLTIMA TRANSACCIÓN
campo de control 20251120063137.0
007 - CAMPO FIJO DE DESCRIPCIÓN FÍSICA--INFORMACIÓN GENERAL
campo de control de longitud fija t|
008 - DATOS DE LONGITUD FIJA--INFORMACIÓN GENERAL
campo de control de longitud fija 051107s1906 sp ||||1| spa d
100 1# - ENTRADA PRINCIPAL--NOMBRE DE PERSONA
Nombre de persona Menéndez Pidal, Juan,
Fechas asociadas al nombre 1861-1915
9 (RLIN) 80314
245 10 - MENCIÓN DEL TÍTULO
Título Leyendas del último Rey godo
Resto del título : (notas e investigaciones) /
Mención de responsabilidad, etc. Juan Menéndez Pidal.
260 ## - PUBLICACIÓN, DISTRIBUCIÓN, ETC.
Lugar de publicación, distribución, etc. Madrid :
Nombre del editor, distribuidor, etc. [s.n.],
Fecha de publicación, distribución, etc. 1906 (
Fabricante Tip. de la "Revista de Arch., Bibl. y Mus.")
300 ## - DESCRIPCIÓN FÍSICA
Extensión 200 p. ;
Dimensiones 16 cm.
600 14 - PUNTO DE ACCESO ADICIONAL DE MATERIA--NOMBRE DE PERSONA
Nombre de persona Rodrigo
Títulos y otros términos asociados al nombre Rey de los Visigodos.
9 (RLIN) 156818
650 #4 - PUNTO DE ACCESO ADICIONAL DE MATERIA--TÉRMINO DE MATERIA
Término de materia o nombre geográfico como elemento de entrada Leyendas-
Subdivisión geográfica España-
Subdivisión general Historia y crítica.
9 (RLIN) 159356
651 #7 - PUNTO DE ACCESO ADICIONAL DE MATERIA--NOMBRE GEOGRÁFICO
Nombre geográfico España-
Subdivisión general Historia-
Subdivisión cronológica 0414-0711, Época visigoda
Fuente del encabezamiento o término
9 (RLIN) 162046
651 #4 - PUNTO DE ACCESO ADICIONAL DE MATERIA--NOMBRE GEOGRÁFICO
Nombre geográfico Al-Andalus-
Subdivisión general Historia-
Subdivisión cronológica 711-756, Emirato dependiente.
9 (RLIN) 155942
852 ## - LOCALIZACIÓN
Ubicación ES-MaACL
Número de control de estantería F-3129
Holdings
Estatus retirado Estado de pérdida Estado de daño No para préstamo Biblioteca de origen Biblioteca actual Ubicación en estantería Fecha de adquisición Fuente de adquisición Total de préstamos Signatura topográfica completa Código de barras Visto por última vez Precio de reemplazo Tipo de ítem Koha
        Biblioteca del Ateneo de Madrid Biblioteca del Ateneo de Madrid Depósito 2 17/01/2008     F-3129 1106721 23/02/2023 23/02/2023 Libro impreso